书目信息

书名: 谈人生下 
作者: 邓九平 主编
出版信息: 北京   大众文艺出版社  2004
开本页数: 21cm  635-912页
丛书名: 中国文化名人书系
单 册:
中图分类: I266
科图分类:
主题词: 散文--san wen--中国--现代--选集
电子资源:
ISBN: 7-80094-896-X
000 00859nam 2200265 45
001 CAL 012005000072
005 20060603193516.41
010    @a7-80094-896-X@dCNY64.00(全3册)
092    @aCN@b150628
100    @a20050912d2004 ekmy0chiy0121 ea
101 @achi
102    @aCN@b110000
105    @ay z 000cy
200 @a谈人生@Atan ren sheng@h下@f邓九平主编
205    @a第2版
210    @a北京@c大众文艺出版社@d2004
215    @a635-912页@d21cm
225 @a中国文化名人书系@Azhong guo wen hua ming ren shu xi
330    @a本书收马相伯的《中国人的心理》、胡适的《自由主义》、丁玲的《我是一棵小草》、林清玄的《清欢》等200多篇文章。
410  0 @12001 @a中国文化名人书系
606 @a散文@Asan wen@y中国@z现代@j选集
690    @aI266@v4
701  0 @a邓九平@Adeng jiu ping@4主编
801  0 @aCN@bLZJBOOK@c20060603
905    @a10447@dI266@e12
    
    谈人生.下/邓九平主编.-第2版.-北京:大众文艺出版社,2004
    635-912页;21cm.-(中国文化名人书系)
    
    
    ISBN 7-80094-896-X:CNY64.00(全3册)
    本书收马相伯的《中国人的心理》、胡适的《自由主义》、丁玲的《我是一棵小草》、林清玄的《清欢》等200多篇文章。
相关链接 在五车中查询图书 在当当中查询图书 在豆瓣中查询图书


正题名:谈人生     索取号:I266/12         预约/预借

序号 登录号 条形码 馆藏地/架位号 状态 备注
1 145920   200145920   柳城-3楼/32架5列1层/ [索取号:I266/12] 在馆    
2 145921   2000002804   柳城-3楼/32架5列1层/ [索取号:I266/12] 在馆    
3 145923   200145923   柳城-3楼/32架5列1层/ [索取号:I266/12] 在馆    
4 145924   200145924   海科密-1楼/33架3列5层/ [索取号:I266/12] 在馆